000 01004nam a22003017a 4500
003 CHAP
005 20220329135801.0
008 971013s1968 r 00010 d
010 _a42055
011 _a43027
035 _a47157
040 _cCHAP
090 _aFolleto 5204y
110 1 _aE.U.A. Department of Agriculture
_934876
245 1 _aCómo encontrar los insectos escondidos
260 _aMéxico, D. F. :
_bCentro Regional de Ayuda Técnica,
_c1968
300 _a4 p.
_b: ilus.
590 _aBATCH-UPD
_b10
_c20130110
_lUCH01
_h2326
590 _aBATCH-UPD
_b10
_c20130410
_lUCH01
_h1616
590 _aBATCH-UPD
_b10
_c20130914
_lUCH01
_h1646
590 _aCONVERSION
_b10
_c20130109
_lUCH01
_h1323
650 1 4 _aInsectos
_xColección y preservación.
_958905
901 _aBK
942 _cFOLL
949 _aFolleto 5204y
_bBC
_cFOLL
_d-107244
_eTS1
_i47157
_si
949 _aFolleto 5204y
_bBC
_cFOLL
_d-107245
_eTS2
_fc.2
_i47157
_si
949 _aFolleto 5204y
_bBC
_cFOLL
_d-107246
_eTS2
_fc.3
_i47157
_si
999 _c42055
_d42055